000
00306nam a22001337a 4500
008
170308b xxu||||| |||| 00| 0 eng d
020
_a
9780321556660
041
_a
eng
080
_2
3RD
_a
611
100
_a
6
101
_a
SHM
245
_a
PRINCIPLES OF HUMAN PHYSIOLOGY
_c
STANFIELD, C.L
942
_2
udc
_c
BK
999
_c
7231
_d
7231